Quizzes
Events
Quiz Creation
Community
Videos
Private Events
Remove Ads
Sign In
Join for FREE
Feedback
Dark Mode
Quiz Categories
Sports
Geography
Music
Movies
Television
Just For Fun
Miscellaneous
History
Literature
Language
Science
Gaming
Entertainment
Religion
Holiday
For Kids
Quiz Lab
Recent
Popular Today
Quiz Kudos Today
Editor Picks
Curator Picks
Quizzes by...
Day
Popularity
Type
Ratings
Length
Year
Community
Subscriptions
Recent Discussions
Orange Saloon
Badges
Playlists
Quests
Create
Leaderboards
Showdown
Live 5
Trivia Bingo
Activity
Puzzle Library
Sporcle Events
Private Events
Virtual Trivia
Globe League
Become a Host
Pub Owners
SporcleCon
Opinionation
Our Games
Videos
Blog
Mobile Apps
Partnerships
Remove Ads and Go Orange
Feedback
Sports
Athletes
MLB
NBA
NHL
NFL
Soccer
Sports Teams
WWE
NCAA
Football
Premier League
Basketball
Baseball
Hockey
Golf
Tennis
Cricket
Rugby
Auto Racing
Olympics
World Cup
Sports
Athletes
MLB
NBA
NHL
NFL
Soccer
Sports Teams
WWE
NCAA
Football
Premier League
Basketball
Baseball
Hockey
Golf
Tennis
Cricket
Rugby
Auto Racing
Olympics
World Cup
Random Quiz
Search Sporcle
×
Quiz Lab
Quiz Lab
Sports
Basketball
Type in answers that appear in a list
Type in answers that appear in a list
Classic
Best Score? Go Orange.
All-NBA Players by Position Stats
Can you name the players who have made All-NBA teams?
By
purplebackpack89
20m
187 Questions
226 Plays
226 Plays
226 Plays
Comments
Comments
Give Quiz Kudos
Give Quiz Kudos
-
- Ratings
hide this ad
More Info
Replay
Link that replays current quiz
Next Quiz
Link to next quiz in quiz playlist
You Got
0%
They Got
Avg Score
72%
Avg Friend Score
Upgrade to see
Score Distribution
Jump to the score distribution portion of the page
Score
0/187
Timer
20:00
0
Plays Today
Position
Player
% Correct
Center
Kareem Abdul-Jabbar
97.8%
Center
Wilt Chamberlain
96%
Center
Shaquille O'Neal
96%
Center
Jermaine O'Neal
95.6%
Forward
Jermaine O'Neal
95.6%
Center
Patrick Ewing
95.1%
Center
Dwight Howard
95.1%
Forward
Juwan Howard
95.1%
Guard
Ray Allen
93.4%
Center
Dirk Nowitzki
92.9%
Center
Bill Russell
92.9%
Forward
Dirk Nowitzki
92.9%
Center
Moses Malone
92.5%
Center
David Robinson
92.5%
Forward
Tim Duncan
92.5%
Forward
Gus Johnson
92.5%
Forward
Larry Johnson
92.5%
Forward
Marques Johnson
92.5%
Forward
Karl Malone
92.5%
Forward
Truck Robinson
92.5%
Guard
Dennis Johnson
92.5%
Guard
Josh Johnson
92.5%
Guard
Magic Johnson
92.5%
Guard
Kevin Johnson
92.5%
Forward
Carmelo Anthony
92%
Guard
Kobe Bryant
92%
Guard
Jerry West
92%
Forward
Kevin Durant
91.6%
Forward
Larry Bird
91.2%
Center
Hakeem Olajuwon
90.7%
Center
Ben Wallace
90.7%
Forward
LeBron James
90.7%
Forward
Ben Wallace
90.7%
Center
Alonzo Mourning
90.3%
Center
Amar'e Stoudemire
90.3%
Forward
Kevin Garnett
89.8%
Forward
Chris Bosh
89.8%
Guard
Reggie Miller
89.8%
Guard
Dwayne Wade
89.8%
Center
Robert Parish
89.4%
Guard
Michael Jordan
89.4%
Forward
Buck Williams
88.9%
Guard
Steve Nash
88.9%
Guard
Deron Williams
88.9%
Guard
Gus Williams
88.9%
Forward
Vince Carter
88.5%
Center
Yao Ming
88.1%
Forward
Tracy McGrady
88.1%
Forward
Scottie Pippen
88.1%
Guard
Jason Kidd
88.1%
Guard
Gary Payton
88.1%
Guard
Tracy McGrady
88.1%
Forward
Charles Barkley
87.6%
Forward
Paul Pierce
87.6%
Guard
Allen Iverson
87.6%
Guard
Paul Pierce
87.6%
Forward
Kevin McHale
87.2%
Guard
Gilbert Arenas
87.2%
Guard
Isiah Thomas
87.2%
Guard
Russell Westbrook
87.2%
Guard
Chris Paul
86.7%
Guard
John Stockton
86.7%
Center
Bill Walton
86.3%
Position
Player
% Correct
Forward
Pau Gasol
86.3%
Guard
Manu Ginobili
86.3%
Guard
Tony Parker
86.3%
Center
Dikembe Mutombo
85.8%
Forward
LaMarcus Aldridge
85.8%
Guard
Chauncey Billups
85.8%
Guard
Clyde Drexler
85.8%
Guard
Eddie Jones
85.8%
Guard
Sam Jones
85.8%
Forward
Shawn Kemp
85.4%
Forward
Chris Webber
85.4%
Guard
Alvin Robertson
85.4%
Guard
Oscar Robertson
85.4%
Center
Al Horford
84.5%
Forward
John Havlicek
84.5%
Forward
Dominique Wilkins
84.5%
Guard
John Havlicek
84.5%
Guard
Bob Cousy
83.6%
Guard
Joe Dumars
83.6%
Guard
Anafernee Hardaway
83.6%
Guard
Tim Hardaway
83.6%
Guard
Brandon Roy
83.6%
Center
Bob Pettit
83.2%
Forward
Bob Pettit
83.2%
Forward
Elton Brand
82.7%
Forward
Julius Erving
82.7%
Forward
Elgin Baylor
82.3%
Guard
George Gervin
81.9%
Guard
Derrick Rose
81.9%
Center
Willis Reed
81%
Forward
Elvin Hayes
81%
Forward
Willis Reed
81%
Forward
James Worthy
81%
Center
Andrew Bogut
80.5%
Forward
Walter Davis
80.5%
Guard
Baron Davis
80.5%
Forward
Carlos Boozer
80.1%
Forward
Alex English
79.2%
Forward
Grant Hill
79.2%
Forward
Shawn Marion
79.2%
Forward
Rick Barry
77.9%
Guard
Walt Frazier
77.9%
Guard
Michael Redd
77.4%
Forward
Dennis Rodman
77%
Center
Wes Unseld
76.5%
Forward
Peja Stojakovic
76.5%
Center
Bob McAdoo
76.1%
Center
Brad Daugherty
75.2%
Guard
Nate Archibald
75.2%
Center
Dave Cowens
74.8%
Guard
Stephon Marbury
74.3%
Guard
Phil Smith
74.3%
Guard
Randy Smith
74.3%
Forward
Ron Artest
73.9%
Guard
Mark Price
73.9%
Forward
Zach Randolph
73.5%
Center
Dolph Schayes
72.6%
Forward
Dolph Schayes
72.6%
Guard
Sam Cassell
72.6%
Guard
Pete Maravich
72.6%
Guard
Mitch Richmond
72.6%
Forward
Adrian Dantley
72.1%
Forward
Chris Mullen
72.1%
Position
Player
% Correct
Forward
Bernard King
71.7%
Forward
Glen Rice
70.4%
Forward
Tom Chambers
67.7%
Guard
Dave Bing
66.8%
Forward
Detlef Schrempf
66.4%
Guard
Earl Monroe
66.4%
Guard
Bob Love
65.9%
Forward
Derrick Coleman
63.7%
Guard
Latrell Sprewell
63.7%
Forward
Jamal Mashburn
63.3%
Forward
Ralph Sampson
63.3%
Guard
Gail Goodrich
63.3%
Guard
Sidney Moncrief
62.4%
Forward
David Thompson
61.9%
Guard
David Thompson
61.9%
Guard
Hal Greer
61.5%
Guard
JoJo White
60.6%
Forward
Paul Arizin
59.7%
Forward
Dave DeBusschere
59.3%
Forward
Tom Heinsohn
59.3%
Forward
Jerry Lucas
58%
Forward
Maurice Lucas
58%
Forward
Kevin Willis
57.5%
Forward
Billy Cunningham
55.8%
Guard
Dražen Petrović
54.9%
Forward
Vin Baker
54%
Forward
Terry Cummings
54%
Forward
Antonio McDyess
54%
Guard
Dale Ellis
53.1%
Guard
World B. Free
50.9%
Guard
Rod Strickland
50.9%
Guard
Fat Lever
50%
Guard
Slater Martin
49.6%
Guard
Bill Sharman
48.7%
Guard
Paul Westphal
48.2%
Forward
Anthony Mason
46.5%
Forward
Connie Hawkins
45.1%
Forward
Spencer Haywood
42.9%
Guard
Lou Hudson
42.5%
Forward
Jack Twyman
41.6%
Forward
Bob Dandridge
41.2%
Forward
Cliff Hagan
39.4%
Guard
Richie Guerin
36.7%
Center
Neil Johnston
34.5%
Forward
George McGinnis
32.7%
Guard
Jim Paxson
32.3%
Forward
George Yardley
31.9%
Guard
Norman Van Lier
31.4%
Forward
Bailey Howell
28.8%
Guard
Otis Birdsong
23.9%
Center
Clyde Lovellette
22.6%
Forward
Dan Roundfield
21.2%
Forward
Maurice Stokes
19.5%
Guard
Jack George
19%
Guard
Phil Ford
17.3%
Guard
Tom Gola
16.4%
Guard
Phil Chenier
15.9%
Guard
Gene Shue
15%
Guard
Archie Clark
13.7%
Guard
Larry Costello
6.2%
Guard
Dick Garmaker
5.8%
Quiz Playlist
Details
Report
Send in Message
Add To Playlist
More Info:
Includes first, second and third. Year listed is END of season. Only teams since 1956. (*) Denotes selected for additional teams at another position
Classic:
Type in answers that appear in a list
Last Updated: Feb 16, 2017
Quiz Scoreboard
CHALLENGE
Sign Up to Join the Scoreboard
Show All
Scores
Hide
Comments
May contain spoilers
Recently Published
An Introduction to Baseball
by treessimontrees
Sports
5m
Movies - When Are They Set?
by FPL_Elf
Movies
5m
Popular People in 1961
by mucciniale
History
6m
More to Explore
Quiz From the Vault
Featured Blog Post
Where Did the Easter Bunny Come From?
hide this ad
You Might Also Like...
Tags
Basketball Quiz
NBA Quiz
NBA Player
Today's Top Quizzes in Sports
Browse Sports
hide this ad
Today's Top Quizzes in Basketball
Browse Basketball
Top Contributed Quizzes in Sports
1
Les meilleurs buteurs des matchs entre le PSG et l’OM
2
2022 World Cup Stars
3
FIFA Club World Cup Champions
4
Les entraîneurs de l'OM et du PSG au 21e siècle
5
Name the Premier League winners with different clubs
6
La finale Lions - Afrique du Sud 2021
7
Les joueurs passés par le LOSC et le RC Lens
8
Criteria MLB: Left Handed Sluggers
9
Players with Multiple 50 Home Run Seasons
10
5-to-1: UK Sports Teams
Explore More
Trending Topics
NBA
Anime
Crossword
Harry Potter
Disney
Kpop
Marvel
Soccer
NFL
Song
WWE
The Office
Pokémon
Puzzle
Country
hide this ad
More By:
purplebackpack89
Quiz
Plays
Rating
Category
Featured
Created
NBA Top 5 Scorers By 5-Year Period
153,444
4.77
Sports
Feb 1, 2016
NBA Top 5 Playoff Scorers By 5-Year Period
75,873
4.83
Sports
Dec 15, 2016
NCAA Tournament Cities
56,813
4.55
Sports
Mar 14, 2011
MLB by County
52,922
4.38
Sports
May 23, 2011
American Historical Figures Logic Puzzle
25,538
4.19
History
Dec 12, 2012
Go to Creator's Profile
Score Distribution
Quiz Creator Spotlight
purplebackpack89
Follow
Send a Message
Quizzes Created
-
Created Quiz Play Count
-
More By This Creator
Popular Quizzes Today
1
Find the Countries of Europe - No Outlines Minefield
2
Find the US States - No Outlines Minefield
3
The Countries of the World
4
Popular People in 1961
5
US States
6
Find the US States
7
1-10 Letter E Words III
8
Risky Map Clicking: Biggest States A-Z
More Sports Quizzes
NBA's Top 50 Rebounders of All Time
Quiz Lab
Trending Quizzes
Risky Map Clicking: Least Populous States A-Z
1-10 Letter F Words
1-10 Letter G Words
Not Quite an Element Typing Challenge
One Thing in Common: United Kingdom
Recently Updated
Leaping Animals
pecheneg
Reality TV Shows (A-Z)
bhenderson79
Rickey Henderson's Hall of Fame Teammates
pecheneg
Champions League XIs: Arsenal
pecheneg
Quick Pick: Celebrities in WWE's Hall of Fame
aduchscher
A-Z Keypad Blitz II
pecheneg
Multiple Oscar Actors
pecheneg
Mystery Phrase Blitz: Oscar 'Best Actors'
pecheneg
F. Scott Fitzgerald Novels
LTH
Pick 3 Villains
ddd62291
Trending Topics
Anime
NBA
Crossword
Harry Potter
Marvel
Kpop
Disney
Soccer
Pokémon
Song
Country
NFL
Puzzle
The Office
WWE
Your Account Isn't Verified!
In order to create a playlist on Sporcle, you need to verify the email address you used during registration. Go to your
Sporcle Settings
to finish the process.
Report this User
Report this user for behavior that violates our
Community Guidelines
.
Details:
Send Report
Go to the Sporcle.com Mobile Site →
Comments